Egan - the race is on. (Record no. 60549)

MARC details
000 -LEADER
fixed length control field 00808cam a2200169 4500
001 - CONTROL NUMBER
control field ABS60885
008 - FIXED-LENGTH DATA ELEMENTS--GENERAL INFORMATION
fixed length control field 000000n 000 0 eng u
035 ## - SYSTEM CONTROL NUMBER
System control number (Sirsi) u101405
245 ## - TITLE STATEMENT
Title Egan - the race is on.
490 ## - SERIES STATEMENT
Series statement Building
Volume/sequential designation 264(8096) 9 July 1999, 20-51(21)
520 ## - SUMMARY, ETC.
Summary, etc. A special issue looking at the impact which the Egan Report has had on the construction industry, a year after its publication. Includes schemes nominated as demonstration projects, and assessment of how the key performance indicators work, a look at best practice, and a discussion of bar codes and electronic data interchange as a way of improving supply chain management.
650 ## - SUBJECT ADDED ENTRY--TOPICAL TERM
Topical term or geographic name entry element PERFORMANCE INDICATORS
650 ## - SUBJECT ADDED ENTRY--TOPICAL TERM
Topical term or geographic name entry element BEST PRACTICE
650 ## - SUBJECT ADDED ENTRY--TOPICAL TERM
Topical term or geographic name entry element SUPPLY CHAIN MANAGEMENT
690 ## - LOCAL SUBJECT ADDED ENTRY--TOPICAL TERM (OCLC, RLIN)
Topical term or geographic name as entry element BUILT ENVIRONMENT
942 ## - ADDED ENTRY ELEMENTS (KOHA)
Suppress in OPAC 0
Holdings
Withdrawn status Lost status Source of classification or shelving scheme Damaged status Not for loan Home library Current library Shelving location Date acquired Total Checkouts Full call number Barcode Date last seen Copy number Price effective from Koha item type
    Dewey Decimal Classification     London London Journal article 04/11/1999   ABS60885 101405-1001 06/08/2019 1 06/08/2019 Journal article